00939cam a2200253 a 4500999001300000001000500013003000900018005001700027008004100044020001300085040003800098082002100136245010600157260004100263300003900304505001100343520007900354650002600433650003500459700001900494700001900513942001200532952014100544 c641d6419233BD-DhUAP20210118125940.0200126s2003 bg a 000 0 eng  a08512914 aBD-DhUAPcBD-DhUAPdBD-DhUAPbEng00a306.0492 IDE223 aIdentity, culture and politics : ban afro-asian dialogue /cedited by Imtiaz Ahmed and Ousmane Khan. aColumbia :bICES & CODESRIA,cc2000. avolumes :billustrations ;c24 cm. aV. 1-- aArticles on miscellaneous topics previously published in various journals. aCivilizationzAfrica  aInternational relationszAsia  aAhmed, Imtiaz  aKhan, Ousmane  2ddccBK 00102ddc4070aUAPCLbUAPCLcGeneral Stacksd2020-01-26l1m2o306.0492 IDE V-1p3010009233r2023-03-28s2022-10-17t1w2020-01-26yBK